000 01828nam0a2200421 4500
001 RU\NLR\BIBL_A\012337715
005 20210125145548.0
010 _a978-5-4439-1476-3
_92000
021 _aRU
_bКН-П-20-027996
_9КН-П-20-2161
035 _a(NLR Aleph) 012337715
035 _a(RuMoRGB)010336963
090 _a11504008
_c11504008
100 _a20200915d2020 u y0rusy50 ca
101 0 _arus
102 _aRU
105 _aa z 000zy
181 0 _ai
_baxxe
182 0 _an
200 1 _aГеометрические задачи на построение
_fА. Д. Блинков, Ю. А. Блинков
203 _aТекст
_bвизуальный
_cнепосредственный
205 _aИзд. 5-е, стер.
210 _aМосква
_cМЦНМО
_d2020
215 _a152 с.
_cил.
_d20
225 1 _aШкольные математические кружки
_vвып. 4
313 _aИзд. 2010 г.
320 _aБиблиогр.: с. 150-151
333 _a6+
606 1 _aГеометрия
_jУчебно-методические пособия
_xЗадачи на построение
_xПреподавание
_xСредняя школа
_92492428
_3RU\NLR\AUTH\661478801
606 1 _aГеометрия
_jУчебно-методические пособия для средней школы
_xЗадачи на построение
_xРешение
_92038812
_3RU\NLR\AUTH\661223844
686 1 _aЧ426.27-255я7
686 1 _aВ181.114я721-41
700 1 _7ca
_8rus
_aБлинков
_bА. Д.
_f1953-
_gАлександр Давидович
_92676584
_3RU\NLR\AUTH\770284187
701 1 _aБлинков
_bЮ. А.
_gЮрий Александрович
942 _cBOOK
980 _aNBR
980 _aNB